Successful wine and beer making (Record no. 59068)

MARC details
000 -LEADER
fixed length control field 00499nam a2200145 a 4500
008 - FIXED-LENGTH DATA ELEMENTS--GENERAL INFORMATION
fixed length control field 120416s1968 ||||||||||||||||| || u
050 ## - LIBRARY OF CONGRESS CALL NUMBER
Classification number TP 548 Tri
100 ## - MAIN ENTRY--PERSONAL NAME
Personal name Tritton, S. M
245 10 - TITLE STATEMENT
Title Successful wine and beer making
250 ## - EDITION STATEMENT
Edition statement rev. ed.
260 ## - PUBLICATION, DISTRIBUTION, ETC.
Place of publication, distribution, etc. Kingswood
Name of publisher, distributor, etc. Grey Owl Laboratories
Date of publication, distribution, etc. 1968
300 ## - PHYSICAL DESCRIPTION
Extent 75p. : ill.
350 ## - PRICE (NR) (BK AM CF MU VM SE) [OBSOLETE]
Price 0.00
995 ## - RECOMMENDATION 995 [LOCAL, UNIMARC FRANCE]
-- 0.00
-- CBU-MAIN LIBRARY (Kitwe)
-- 1
-- 2.00
-- AVAILABLE
-- Annex Low-Usage Collection
Holdings
Withdrawn status Lost status Source of classification or shelving scheme Damaged status Not for loan Home library Current library Shelving location Date acquired Total Checkouts Full call number Barcode Date last seen Price effective from Koha item type
          CBU-MAIN LIBRARY, KITWE. CBU-MAIN LIBRARY, KITWE.   11/30/2022   TP 548 Tri 025589 11/30/2022 11/30/2022 MONOGRAPH